[Event "7eme open international de La Fere"]
[Site "La Fere (FRA)"]
[Date "2008.07.06"]
[Round "2.46"]
[White "Coquelle, Gilbert"]
[Black "Caulier, Amaury"]
[Result "1/2-1/2"]
[WhiteElo "1780"]
[BlackElo "1600"]
[PlyCount "76"]
[EventDate "2008.??.??"]

1. d4 d5 2. c4 c6 3. cxd5 cxd5 4. h3 Nf6 5. Nf3 Nc6 6. Nc3 e6 7. a3 Be7 8. Bf4
a6 9. e3 Bd7 10. Bd3 O-O 11. O-O Nh5 12. Bh2 g6 13. Rc1 Rc8 14. Qd2 Na5 15. Qd1
Nc4 16. Bxc4 Rxc4 17. Ne5 Rc8 18. Nxd7 Qxd7 19. Qd2 Rc6 20. Ne2 Rfc8 21. Rxc6
Rxc6 22. Rc1 Nf6 23. Rxc6 Qxc6 24. Qc3 Qxc3 25. Nxc3 b5 26. b4 Bd8 27. Bd6 Nd7
28. Bc5 Bb6 29. Kf1 f5 30. Ke2 Bc7 31. f4 Kf7 32. Kd3 h6 33. h4 Kf6 34. g3 Kf7
35. a4 bxa4 36. Nxa4 Nb8 37. Kc3 g5 38. h5 g4 1/2-1/2

[Event "7eme open international de La Fere"]
[Site "La Fere (FRA)"]
[Date "2008.07.06"]
[Round "2.47"]
[White "Fauchart, Francois"]
[Black "Eeckhout, Jean-Louis"]
[Result "0-1"]
[WhiteElo "1580"]
[BlackElo "1771"]
[PlyCount "84"]
[EventDate "2008.??.??"]

1. e4 c5 2. g3 d6 3. Bg2 Nf6 4. c3 g6 5. d3 Bg7 6. Ne2 O-O 7. O-O Nc6 8. Na3 d5
9. Be3 b6 10. Qc1 Bb7 11. Bh6 dxe4 12. Bxg7 Kxg7 13. dxe4 Ne5 14. Rd1 Qc7 15.
f4 Neg4 16. h3 Nh6 17. Qc2 Qc6 18. c4 Nxe4 19. Nc3 f5 20. Nxe4 fxe4 21. Re1 Qc7
22. Qc3+ Kg8 23. Bxe4 Bxe4 24. Rxe4 Nf5 25. Rae1 Rf7 26. Nb5 Qd7 27. g4 Ng7 28.
Qf3 Rd8 29. Re5 e6 30. Rf1 a6 31. Nc3 Qd4+ 32. Kg2 Qxc4 33. f5 gxf5 34. gxf5
Nxf5 35. Kh1 Qxf1+ 36. Qxf1 Ng3+ 37. Kg2 Nxf1 38. Rxe6 Rd2+ 39. Kg1 Ng3 40.
Re8+ Kg7 41. Re1 Rff2 42. Re7+ Kf8 0-1

[Event "7eme open international de La Fere"]
[Site "La Fere (FRA)"]
[Date "2008.07.06"]
[Round "2.48"]
[White "Daniel, Antoine"]
[Black "Lapersonne, Patrick"]
[Result "1/2-1/2"]
[WhiteElo "1770"]
[BlackElo "1600"]
[PlyCount "77"]
[EventDate "2008.??.??"]

1. e4 c5 2. Nc3 d6 3. f4 Nc6 4. Nf3 a6 5. a4 Nf6 6. d3 e6 7. Be2 Be7 8. O-O O-O
9. h3 d5 10. e5 Nh5 11. Qe1 g6 12. g4 Ng7 13. Qg3 Nd4 14. Bd1 Nxf3+ 15. Bxf3
Bh4 16. Qg2 f6 17. exf6 Bxf6 18. Ne2 Qb6 19. c3 Be7 20. Qf2 Qc7 21. Qe1 Rb8 22.
a5 Bd7 23. Bg2 Bb5 24. Qd1 Rbd8 25. Qc2 c4 26. d4 Ne8 27. Bd2 Bc6 28. Rae1 Bh4
29. Ra1 Be7 30. Rae1 Bh4 31. Ra1 Be7 32. Kh1 Nd6 33. Ng1 Ne4 34. Bxe4 dxe4 35.
Ne2 e3+ 36. Kg1 exd2 37. Qxd2 Bd6 38. Qe3 Rde8 39. Rf2 1/2-1/2

[Event "7eme open international de La Fere"]
[Site "La Fere (FRA)"]
[Date "2008.07.06"]
[Round "2.49"]
[White "Christophe, Lucie"]
[Black "Pierret, Paul"]
[Result "1-0"]
[WhiteElo "1760"]
[BlackElo "1591"]
[PlyCount "155"]
[EventDate "2008.??.??"]

1. d4 d5 2. Bf4 Bf5 3. Nf3 Nc6 4. c3 e6 5. e3 a6 6. Be2 Be7 7. Nbd2 Nf6 8. h3
b5 9. O-O O-O 10. Nh4 Bd6 11. Bxd6 Qxd6 12. Nxf5 exf5 13. Qc2 g6 14. b3 Ne7 15.
c4 bxc4 16. bxc4 c5 17. Nb3 Ne4 18. cxd5 Nxd5 19. dxc5 Qc7 20. Bf3 Nb4 21. Qc4
a5 22. Bxe4 fxe4 23. Qxe4 Rfe8 24. Qc4 Nc6 25. Nd4 Ne5 26. Qc2 Rab8 27. Rab1
Rbc8 28. Rfc1 Nc6 29. Nb5 Nb4 30. Rxb4 Qxc5 31. Qxc5 Rxc5 32. Rxc5 axb4 33. Rc4
Ra8 34. Rc2 Ra5 35. Nd4 Ra8 36. Nc6 Ra4 37. Rb2 Ra6 38. Nxb4 Rb6 39. Nd3 Rd6
40. Nf4 Ra6 41. Kf1 Kg7 42. Ke2 g5 43. Nd3 Ra5 44. Nb4 Ra3 45. Rb3 Ra4 46. a3
h6 47. Nc2 Ra5 48. Rb4 Rc5 49. Nd4 Ra5 50. a4 Ra6 51. Nb3 Rc6 52. Kd2 Rd6+ 53.
Nd4 Ra6 54. Kc3 Ra7 55. Kb3 Ra5 56. Rb5 Ra7 57. a5 Rc7 58. Kb2 Ra7 59. Nb3 Ra8
60. Rb6 Ra7 61. a6 Ra8 62. Nc5 Rc8 63. a7 Ra8 64. Rb7 Kg6 65. Nd7 Kg7 66. Nb6
Rxa7 67. Rxa7 Kg6 68. Kc3 Kg7 69. Kd4 Kg6 70. Ra8 Kg7 71. Ke5 f6+ 72. Kf5 h5
73. Ra7+ Kh6 74. Kxf6 g4 75. Ra8 Kh7 76. h4 g3 77. fxg3 Kh6 78. Rh8# 1-0

[Event "7eme open international de La Fere"]
[Site "La Fere (FRA)"]
[Date "2008.07.06"]
[Round "3.2"]
[White "Abbasov, Farid"]
[Black "Riff, Jean-Noel"]
[Result "1-0"]
[WhiteElo "2552"]
[BlackElo "2481"]
[PlyCount "75"]
[EventDate "2008.??.??"]

1. d4 Nf6 2. c4 e6 3. Nc3 Bb4 4. e3 Nc6 5. Nge2 d5 6. a3 Bd6 7. cxd5 exd5 8. g3
O-O 9. Bg2 Ne7 10. O-O Re8 11. b4 a5 12. b5 c6 13. a4 Nf5 14. Ba3 Bxa3 15. Rxa3
Nd6 16. Rb3 Bg4 17. h3 Bd7 18. bxc6 Bxc6 19. Qa1 Qd7 20. Rfb1 Rac8 21. Qa2 Nfe4
22. R1b2 Qf5 23. Nxe4 Nxe4 24. Nf4 h5 25. Nd3 Ng5 26. Nf4 Ne6 27. Nxe6 fxe6 28.
Rc3 Rc7 29. Rc5 Rf7 30. Rxa5 h4 31. gxh4 Qd3 32. Rd2 Qc3 33. Rc5 Qb4 34. a5 Ra8
35. Bf1 e5 36. Rb2 Qe1 37. dxe5 Re7 38. Qb1 1-0

[Event "7eme open international de La Fere"]
[Site "La Fere (FRA)"]
[Date "2008.07.06"]
[Round "3.3"]
[White "Van Kampen, Robin"]
[Black "Sumets, Andrey"]
[Result "0-1"]
[WhiteElo "2294"]
[BlackElo "2534"]
[PlyCount "100"]
[EventDate "2008.??.??"]

1. e4 c6 2. d4 d5 3. e5 Bf5 4. Nf3 e6 5. Be2 Ne7 6. O-O Nd7 7. Nbd2 Ng6 8. Nb3
Bg4 9. Be3 Be7 10. Qd2 O-O 11. h3 Bxf3 12. Bxf3 Nb6 13. Na5 Qc7 14. Rac1 Rfd8
15. b4 Nh4 16. Be2 Nf5 17. Bf4 Nc4 18. Nxc4 dxc4 19. c3 a5 20. g4 Nh4 21. a3
Qd7 22. Bg3 Qd5 23. f3 axb4 24. axb4 Ra3 25. Qe1 Ra2 26. Qf2 Rda8 27. Rfe1 Rxe2
28. Rxe2 Nxf3+ 29. Kf1 Bg5 30. Rd1 h5 31. h4 Nxh4 32. Bxh4 Qh1+ 33. Qg1 Qh3+
34. Qg2 Qxh4 35. b5 Ra3 36. bxc6 bxc6 37. Rc2 hxg4 38. Rb1 g3 39. Qf3 Bf4 40.
Qe4 g5 41. Rb8+ Kg7 42. Rb1 Qh3+ 43. Ke1 Qg4 44. Kf1 Ra8 45. Kg2 Rh8 46. Kg1
Rh2 47. Rxh2 gxh2+ 48. Kh1 Qg3 49. Qxc6 Qxc3 50. Qe4 Qd2 0-1

[Event "7eme open international de La Fere"]
[Site "La Fere (FRA)"]
[Date "2008.07.07"]
[Round "3.4"]
[White "Degraeve, Jean-Marc"]
[Black "Nijs, Nils"]
[Result "1-0"]
[WhiteElo "2523"]
[BlackElo "2150"]
[PlyCount "109"]
[EventDate "2008.??.??"]

1. e4 c5 2. Nf3 d6 3. Bc4 Nf6 4. c3 Nc6 5. d3 g6 6. O-O Bg7 7. Re1 O-O 8. Bb3
e5 9. h3 Bd7 10. Be3 Qc7 11. Nbd2 b5 12. d4 Na5 13. Bc2 Nb7 14. Nf1 Rfd8 15.
Ng3 Ne8 16. d5 Rdb8 17. Nh2 Nd8 18. Ng4 f6 19. Nh6+ Kh8 20. h4 Bc8 21. Ng4 Nf7
22. h5 Kg8 23. hxg6 hxg6 24. Rf1 Qd7 25. f3 c4 26. Qd2 Qb7 27. Nh2 b4 28. Ne2
bxc3 29. bxc3 Qe7 30. Rab1 f5 31. exf5 gxf5 32. f4 Nf6 33. fxe5 Qxe5 34. Nf4
Ne4 35. Bxe4 fxe4 36. Bd4 Qg5 37. Rbe1 Bxd4+ 38. Qxd4 Bf5 39. Ne6 Bxe6 40. dxe6
Ne5 41. Qxe4 Rf8 42. Nf3 Nxf3+ 43. Rxf3 d5 44. Qe5 Qxe5 45. Rxe5 Rxf3 46. gxf3
Re8 47. Kf2 Kf8 48. e7+ Rxe7 49. Rxe7 Kxe7 50. Ke3 Ke6 51. Kd4 Kd6 52. a4 Ke6
53. f4 Kd6 54. f5 Kc6 55. Ke5 1-0

[Event "7eme open international de La Fere"]
[Site "La Fere (FRA)"]
[Date "2008.07.07"]
[Round "3.5"]
[White "Ringoir, Tanguy"]
[Black "Ninov, Nikolai"]
[Result "0-1"]
[WhiteElo "2321"]
[BlackElo "2515"]
[PlyCount "50"]
[EventDate "2008.??.??"]

1. e4 c5 2. Nf3 Nf6 3. Nc3 d6 4. d4 cxd4 5. Nxd4 a6 6. Bg5 Nbd7 7. f4 Qc7 8.
Qf3 b5 9. O-O-O Bb7 10. Bd3 h6 11. Bh4 g6 12. Nd5 Nxd5 13. exd5 Nb6 14. Bxg6
fxg6 15. Ne6 Qc8 16. Rhe1 Nxd5 17. Rxd5 Qc4 18. Nxf8 Bxd5 19. Qg4 Kxf8 20. b3
Qd4 21. Qxg6 Qxf4+ 22. Kb1 Re8 23. Bg3 Bf7 24. Qd3 Qg5 25. Rf1 Kg7 0-1

[Event "7eme open international de La Fere"]
[Site "La Fere (FRA)"]
[Date "2008.07.07"]
[Round "3.6"]
[White "Gozzoli, Yannick"]
[Black "Bensdorp, Marlies"]
[Result "1-0"]
[WhiteElo "2502"]
[BlackElo "2284"]
[PlyCount "41"]
[EventDate "2008.??.??"]

1. d4 d5 2. c4 c6 3. Nf3 Nf6 4. Nc3 e6 5. Bg5 Nbd7 6. e3 Be7 7. Qc2 O-O 8. Rd1
Re8 9. a3 a6 10. h3 Qa5 11. cxd5 exd5 12. Bd3 Nf8 13. O-O g6 14. Ne5 Ne6 15. f4
Ng7 16. f5 gxf5 17. Bxf5 Bxf5 18. Rxf5 Nxf5 19. Qxf5 Kg7 20. Rf1 Qd8 21. Rf3
1-0

[Event "7eme open international de La Fere"]
[Site "La Fere (FRA)"]
[Date "2008.07.07"]
[Round "3.7"]
[White "Vorobyov, Yrij"]
[Black "Meijers, Viesturs"]
[Result "0-1"]
[WhiteElo "2247"]
[BlackElo "2496"]
[PlyCount "82"]
[EventDate "2008.??.??"]

1. d4 Nf6 2. Nf3 e6 3. e3 b6 4. Nbd2 Bb7 5. Bd3 d6 6. O-O Nbd7 7. e4 g6 8. c3
Bg7 9. Re1 O-O 10. a4 a6 11. Qc2 Re8 12. Nf1 c5 13. Ng3 cxd4 14. cxd4 e5 15.
dxe5 Nxe5 16. Nxe5 Rxe5 17. Bf4 Re8 18. Rad1 Ng4 19. Bc4 Rc8 20. Qe2 Qh4 21. h3
d5 22. Bxd5 Bxd5 23. Rxd5 Ne5 24. Bc1 a5 25. b3 Rc3 26. Qb5 Rec8 27. Bb2 Nf3+
28. gxf3 Rxf3 29. Kg2 Rxg3+ 30. fxg3 Rc2+ 31. Kf3 Qxh3 32. Rd8+ Bf8 33. Qe5
Qg2+ 34. Kg4 h5+ 35. Kg5 Rc5 36. Rd5 f6+ 37. Kxf6 Bg7+ 38. Kxg6 Rc6+ 39. Qf6
Bxf6 40. Bxf6 Qxg3+ 41. Rg5 Qxe1 0-1

[Event "7eme open international de La Fere"]
[Site "La Fere (FRA)"]
[Date "2008.07.07"]
[Round "3.10"]
[White "Gaponenko, Inna"]
[Black "Mulder, Bart-Piet"]
[Result "1-0"]
[WhiteElo "2468"]
[BlackElo "2219"]
[PlyCount "103"]
[EventDate "2008.??.??"]

1. e4 c6 2. d4 d5 3. exd5 cxd5 4. c4 Nf6 5. Nc3 e6 6. Nf3 Be7 7. cxd5 Nxd5 8.
Bd3 Nc6 9. O-O O-O 10. Re1 Bf6 11. Be4 Qd6 12. a3 Bd7 13. Ng5 Bxg5 14. Bxg5
Nce7 15. Qh5 Ng6 16. Qf3 Bc6 17. h4 h6 18. h5 Ngf4 19. Bxf4 Nxf4 20. Bxc6 bxc6
21. Ne4 Qc7 22. Rac1 Nd5 23. b4 Qb6 24. Nc5 Rfd8 25. Re4 a5 26. Rg4 Qc7 27. Nd3
axb4 28. Nxb4 f5 29. Rg6 Qf4 30. Qd1 Nxb4 31. axb4 Rxd4 32. Qe1 e5 33. g3 Qe4
34. Qxe4 Rxe4 35. Rcxc6 Ra1+ 36. Kg2 Ra2 37. Rc8+ Kf7 38. Rc7+ Kf8 39. Rb6 Ra8
40. Rbb7 f4 41. Rf7+ Kg8 42. Rxg7+ Kh8 43. Rh7+ Kg8 44. Rxh6 fxg3 45. Rg6+ Kh8
46. fxg3 Re2+ 47. Kf3 Raa2 48. Rc6 e4+ 49. Kg4 Ra8 50. Rcc7 Rg8+ 51. Kh3 Rg5
52. Kh4 1-0

[Event "7eme open international de La Fere"]
[Site "La Fere (FRA)"]
[Date "2008.07.07"]
[Round "3.11"]
[White "Videnova, Iva"]
[Black "Sanduleac, Vasile"]
[Result "0-1"]
[WhiteElo "2211"]
[BlackElo "2466"]
[PlyCount "86"]
[EventDate "2008.??.??"]

1. e4 g6 2. d4 Bg7 3. Nc3 c6 4. f4 Qb6 5. Nf3 d5 6. e5 Bg4 7. Be2 Nh6 8. Na4
Qa5+ 9. Qd2 Qxd2+ 10. Bxd2 Nd7 11. Be3 f6 12. h3 Bxf3 13. Bxf3 fxe5 14. fxe5
O-O 15. O-O Nf5 16. Bf2 Bh6 17. Rae1 b5 18. e6 Nb6 19. Nxb6 axb6 20. a3 Nd6 21.
Be2 Ne4 22. Bh4 Be3+ 23. Kh2 Bf4+ 24. Kh1 g5 25. Bf2 Bg3 26. Bxg3 Nxg3+ 27. Kg1
Nxf1 28. Bxf1 Kg7 29. Re5 h6 30. Be2 Rf4 31. c3 Raf8 32. Bf3 Kg6 33. Be2 Kg7
34. Bf3 R8f6 35. Kh2 Kg6 36. Be2 h5 37. g3 Rf2+ 38. Kg1 Kh6 39. b3 R2f5 40. Re3
Rf8 41. c4 bxc4 42. bxc4 dxc4 43. Bxc4 Rf3 0-1

[Event "7eme open international de La Fere"]
[Site "La Fere (FRA)"]
[Date "2008.07.07"]
[Round "3.13"]
[White "Sundararajan, Kidambi"]
[Black "Lecouteux, Guilhem"]
[Result "1-0"]
[WhiteElo "2446"]
[BlackElo "2027"]
[PlyCount "59"]
[EventDate "2008.??.??"]

1. Nf3 Nf6 2. c4 c6 3. Nc3 d5 4. e3 e6 5. b3 Nbd7 6. Qc2 Be7 7. Bb2 O-O 8. d4
b6 9. Bd3 Bb7 10. O-O h6 11. Rad1 c5 12. Ne5 Qc7 13. f4 cxd4 14. exd4 dxc4 15.
bxc4 Rad8 16. Qf2 Nb8 17. Nb5 Qc8 18. Nxa7 Qc7 19. Nb5 Qc8 20. f5 Ne4 21. Bxe4
Bxe4 22. fxe6 fxe6 23. Qg3 Bg5 24. Rxf8+ Kxf8 25. Rf1+ Bf6 26. Ng4 Bd3 27.
Rxf6+ gxf6 28. Nxf6 Kf7 29. Ng4 Ke7 30. Ne5 1-0

[Event "7eme open international de La Fere"]
[Site "La Fere (FRA)"]
[Date "2008.07.07"]
[Round "3.14"]
[White "Haast, Mark"]
[Black "Konguvel, Ponnuswamy"]
[Result "1-0"]
[WhiteElo "2089"]
[BlackElo "2415"]
[PlyCount "67"]
[EventDate "2008.??.??"]

1. c4 c5 2. Nc3 Nf6 3. g3 Nc6 4. Bg2 e6 5. e4 Be7 6. Nge2 a6 7. O-O Qc7 8. d4
cxd4 9. Nxd4 O-O 10. b3 d6 11. h3 Bd7 12. g4 Rac8 13. Bb2 h6 14. Nde2 Rfd8 15.
Kh1 Be8 16. f4 Qb8 17. Qd3 b5 18. cxb5 Nb4 19. Qg3 axb5 20. Nd4 Na6 21. g5 hxg5
22. fxg5 Nh7 23. g6 Nf6 24. Qh4 Rc5 25. Nd5 Rxd5 26. exd5 Nc7 27. gxf7+ Kxf7
28. dxe6+ Nxe6 29. Bd5 Bd7 30. Rae1 Rh8 31. Qg3 Ke8 32. Nxe6 Bxe6 33. Bxe6 Qb7+
34. Qg2 1-0

[Event "7eme open international de La Fere"]
[Site "La Fere (FRA)"]
[Date "2008.07.07"]
[Round "3.19"]
[White "Haast, Anne"]
[Black "Chetverik, Maxim"]
[Result "0-1"]
[WhiteElo "2041"]
[BlackElo "2321"]
[PlyCount "86"]
[EventDate "2008.??.??"]

1. e4 Nf6 2. e5 Nd5 3. c4 Nb6 4. d4 d6 5. exd6 cxd6 6. Nc3 g6 7. Bd3 Bg7 8.
Nge2 Nc6 9. d5 Ne5 10. b3 O-O 11. Bb2 e6 12. dxe6 Bxe6 13. Be4 Qd7 14. O-O Rfe8
15. Qd2 Bxc4 16. f4 Bxe2 17. Nxe2 Nec4 18. bxc4 Nxc4 19. Qd5 Nxb2 20. f5 Re5
21. Qxb7 Qxb7 22. Bxb7 Rb8 23. Bf3 Rxf5 24. Rac1 Rc5 25. Rxc5 dxc5 26. Bd5 Rf8
27. Ng3 Bd4+ 28. Kh1 Kg7 29. Ne4 f6 30. g4 Rd8 31. Be6 Re8 32. Bd5 Nd3 33. Rf3
Nb4 34. Bb7 Re7 35. a3 Rxb7 36. axb4 Rxb4 37. Ra3 c4 38. Ra6 Bb6 39. Ra1 c3 40.
Nxc3 Rxg4 41. Nd5 Rd4 42. Nxb6 axb6 43. Rb1 Rd6 0-1

[Event "7eme open international de La Fere"]
[Site "La Fere (FRA)"]
[Date "2008.07.07"]
[Round "3.20"]
[White "Jossien, Remy"]
[Black "Delboe, Charles"]
[Result "1-0"]
[WhiteElo "2291"]
[BlackElo "1884"]
[PlyCount "55"]
[EventDate "2008.??.??"]

1. d4 e6 2. Nc3 d5 3. Bf4 Bb4 4. Qd3 Nf6 5. a3 Ba5 6. Nf3 Ne4 7. b4 Nxc3 8.
Qxc3 Bb6 9. a4 a5 10. b5 Nd7 11. e3 Nf6 12. Qb3 Qe7 13. Bd3 h6 14. O-O O-O 15.
Nd2 Qb4 16. Qxb4 axb4 17. Nb3 Nh5 18. a5 Nxf4 19. exf4 Ba7 20. Ra4 c6 21. Rxb4
cxb5 22. Rxb5 Bb8 23. g3 Bd6 24. Rb1 Ra7 25. Nc5 Bxc5 26. Rxc5 Bd7 27. Rc7 Bc6
28. a6 1-0

[Event "7eme open international de La Fere"]
[Site "La Fere (FRA)"]
[Date "2008.07.07"]
[Round "3.22"]
[White "Cozette, Michael"]
[Black "Lauridsen, Jesper Morch"]
[Result "0-1"]
[WhiteElo "2026"]
[BlackElo "2262"]
[PlyCount "74"]
[EventDate "2008.??.??"]

1. e4 c5 2. c3 e6 3. d4 d5 4. exd5 exd5 5. Nf3 Nc6 6. Bd3 c4 7. Be2 Nf6 8. O-O
Be7 9. Re1 O-O 10. Nbd2 Bf5 11. Nh4 Be6 12. g3 Re8 13. Ng2 b5 14. Nf4 Bf5 15.
a3 Qd7 16. Nf1 Bd6 17. Ng2 Na5 18. Bf4 Nb3 19. Ra2 Bxf4 20. Nxf4 a5 21. Ne3 Be4
22. Bf3 a4 23. Bxe4 Rxe4 24. Ne2 Rae8 25. Nc1 Qh3 26. Qf3 Ng4 27. Qg2 Qxg2+ 28.
Kxg2 Nxe3+ 29. fxe3 Rxe3 30. Rxe3 Rxe3 31. Nxb3 cxb3 32. Ra1 Re2+ 33. Kf3 Rxb2
34. Re1 Kf8 35. Re5 Rc2 36. Rxd5 Rxc3+ 37. Ke4 b2 0-1

[Event "7eme open international de La Fere"]
[Site "La Fere (FRA)"]
[Date "2008.07.07"]
[Round "3.25"]
[White "Cappon, John"]
[Black "Lamerant, Olivier"]
[Result "1-0"]
[WhiteElo "2221"]
[BlackElo "2090"]
[PlyCount "61"]
[EventDate "2008.??.??"]

1. e4 c5 2. Nf3 Nc6 3. Bb5 Nd4 4. Nxd4 cxd4 5. O-O e5 6. d3 Nf6 7. f4 Bd6 8.
Nd2 O-O 9. Nc4 Qc7 10. Nxd6 Qxd6 11. Bc4 Qc6 12. fxe5 Nxe4 13. Qf3 d5 14. Bb3
Be6 15. dxe4 dxe4 16. Qg3 Bxb3 17. axb3 e3 18. c3 Qe4 19. cxd4 e2 20. Re1 Qxd4+
21. Qe3 Rad8 22. Qxd4 Rxd4 23. Kf2 a6 24. Rxe2 Rc8 25. Bd2 h6 26. Bc3 Rd5 27.
Rae1 Rc6 28. e6 fxe6 29. Rxe6 Rxe6 30. Rxe6 Kf7 31. Rb6 1-0

[Event "7eme open international de La Fere"]
[Site "La Fere (FRA)"]
[Date "2008.07.07"]
[Round "3.27"]
[White "Defrance, Laurent"]
[Black "Vereggen, Lars"]
[Result "1-0"]
[WhiteElo "2167"]
[BlackElo "1616"]
[PlyCount "53"]
[EventDate "2008.??.??"]

1. d4 Nf6 2. Nf3 g6 3. c4 d6 4. Nc3 Bg7 5. g3 Nbd7 6. Bg2 O-O 7. O-O a5 8. e4
c5 9. Qe2 Ne8 10. Be3 cxd4 11. Bxd4 Nc7 12. Bxg7 Kxg7 13. Rad1 Ne6 14. Rfe1 b6
15. e5 dxe5 16. Nxe5 Ra7 17. Nc6 Qc7 18. Nb5 Qb7 19. Ncxa7 Qa6 20. Nxc8 Qxc8
21. Nd4 Nec5 22. Qxe7 Nf6 23. Nb5 Qf5 24. Qe5 Qc2 25. Rd6 Ncd7 26. Rxd7 Re8 27.
Re7 1-0

[Event "7eme open international de La Fere"]
[Site "La Fere (FRA)"]
[Date "2008.07.07"]
[Round "3.29"]
[White "Ben Porat, Zeev"]
[Black "Christophe, Lucie"]
[Result "1-0"]
[WhiteElo "2008"]
[BlackElo "1760"]
[PlyCount "141"]
[EventDate "2008.??.??"]

1. e4 d5 2. exd5 Qxd5 3. Nc3 Qa5 4. d4 c6 5. Bc4 Nf6 6. Bd2 Qc7 7. Nf3 Bf5 8.
Ne5 e6 9. g4 Be4 10. Nxe4 Nxe4 11. Bf4 Nd6 12. Bb3 Nd7 13. Qe2 Nxe5 14. dxe5
Nb5 15. O-O-O Qb6 16. Qd2 Rd8 17. Qxd8+ Qxd8 18. Rxd8+ Kxd8 19. Be3 b6 20. a4
Nc7 21. a5 c5 22. Rd1+ Kc8 23. Bg5 h6 24. Rd8+ Kb7 25. Be7 Bxe7 26. Rxh8 Bg5+
27. Kd1 Bf4 28. axb6 axb6 29. h3 Bxe5 30. c3 Nb5 31. Ke2 Nd6 32. Ke3 Kc7 33.
Ra8 Kb7 34. Ra1 g5 35. Rh1 Bf4+ 36. Kf3 Kc7 37. Ba2 b5 38. h4 e5 39. Bd5 gxh4
40. Rxh4 f6 41. Rh1 Kb6 42. Ra1 Bg5 43. Ra8 c4 44. Ra1 Bf4 45. Rd1 Kc7 46. Be4
Bg5 47. Bg6 Kc6 48. Ke2 Bf4 49. f3 Bg5 50. Ra1 Kb6 51. Kd1 Bf4 52. Ra8 Bg5 53.
Kc2 Kb7 54. Rh8 Kc7 55. Rh7+ Kb6 56. Be4 Bf4 57. Rd7 Nxe4 58. fxe4 Kc6 59. Rd1
Bg5 60. b3 cxb3+ 61. Kxb3 Be3 62. Rf1 Bg5 63. Rf3 Kc5 64. Rd3 Bh4 65. Rd5+ Kc6
66. Kb4 Be1 67. Rc5+ Kb6 68. Rxb5+ Kc6 69. Rd5 Kc7 70. Rd1 Bf2 71. Kb5 1-0

[Event "7eme open international de La Fere"]
[Site "La Fere (FRA)"]
[Date "2008.07.07"]
[Round "3.32"]
[White "Pytel, Bozena"]
[Black "Dumas, Victor"]
[Result "0-1"]
[WhiteElo "1966"]
[BlackElo "1756"]
[PlyCount "136"]
[EventDate "2008.??.??"]

1. Nf3 d5 2. d4 Nf6 3. c4 dxc4 4. Qa4+ Nc6 5. Qxc4 Bf5 6. Nc3 e6 7. a3 Qd7 8.
b4 Bd6 9. g3 a5 10. b5 Ne7 11. Bg2 Ned5 12. Ne5 Bxe5 13. dxe5 Nxc3 14. Qxc3 Nd5
15. Qc4 Nb6 16. Qb3 a4 17. Qb4 O-O-O 18. O-O Bc2 19. Bg5 Rdf8 20. Rac1 Bb3 21.
Qa5 Kb8 22. Be3 Nc8 23. Rc3 f5 24. Rfc1 Rf7 25. Rd3 Qe7 26. Bc5 Qe8 27. Rdc3
Qd7 28. Ba7+ Nxa7 29. Rxc7 Qxc7 30. Rxc7 Rxc7 31. h4 Rc5 32. Qb6 Rxb5 33. Qd6+
Ka8 34. Qd7 g6 35. Qg7 Rc8 36. Qxh7 Bd5 37. Qxg6 Rb1+ 38. Kh2 Bxg2 39. Kxg2 Rb6
40. h5 Rbc6 41. h6 Rh8 42. h7 Kb8 43. Qg8+ Rc8 44. Qxe6 Rxh7 45. Qxf5 Re7 46.
Qe4 b5 47. f4 Rc5 48. Qd4 Rcc7 49. e6 Rxe6 50. Qd8+ Rc8 51. Qd3 Rce8 52. f5
Rxe2+ 53. Kh3 Kc7 54. Qd4 Nc6 55. Qf4+ Kb6 56. f6 Ne5 57. Qh6 Rh2+ 58. Kxh2
Ng4+ 59. Kh3 Nxh6 60. g4 Nf7 61. Kg3 b4 62. axb4 a3 63. Kf4 a2 64. g5 Nxg5 65.
Kxg5 a1=Q 66. Kg6 Qg1+ 67. Kh7 Re2 68. f7 Rh2# 0-1

[Event "7eme open international de La Fere"]
[Site "La Fere (FRA)"]
[Date "2008.07.07"]
[Round "3.37"]
[White "Boudier, Eric"]
[Black "Aernouts, Ludovic"]
[Result "1-0"]
[WhiteElo "1898"]
[BlackElo "1692"]
[PlyCount "75"]
[EventDate "2008.??.??"]

1. e4 d5 2. Nc3 d4 3. Nce2 e5 4. Ng3 Nc6 5. Bc4 Nf6 6. a3 Bg4 7. Nf3 Qd7 8. d3
a6 9. h3 Be6 10. Bxe6 fxe6 11. O-O O-O-O 12. b4 Bd6 13. Nd2 Na7 14. Nb3 Nb5 15.
Bd2 Nc3 16. Bxc3 dxc3 17. Qe1 h5 18. Qxc3 h4 19. Ne2 g5 20. f3 Nh5 21. Nc5 Qe8
22. Qc4 Rh6 23. a4 Nf4 24. Nxf4 gxf4 25. Rab1 Qc6 26. c3 b5 27. axb5 axb5 28.
Qb3 Bxc5+ 29. bxc5 Qxc5+ 30. Kh1 Rxd3 31. Qa2 Kd7 32. Qa5 c6 33. c4 Ke7 34.
cxb5 Ra3 35. Qc7+ Kf6 36. b6 Qa5 37. Qd8+ Kg6 38. Qg8+ 1-0

[Event "7eme open international de La Fere"]
[Site "La Fere (FRA)"]
[Date "2008.07.07"]
[Round "3.41"]
[White "Caulier, Amaury"]
[Black "Casier, Fabrice"]
[Result "1/2-1/2"]
[WhiteElo "1600"]
[BlackElo "1831"]
[PlyCount "49"]
[EventDate "2008.??.??"]

1. d4 Nf6 2. c4 c5 3. d5 e6 4. Nc3 exd5 5. Nxd5 Nxd5 6. cxd5 Bd6 7. e4 O-O 8.
Qg4 Re8 9. Bd3 Be5 10. Nf3 d6 11. Qh5 g6 12. Qh6 Bg7 13. Qf4 Qf6 14. Qxf6 Bxf6
15. O-O Nd7 16. Rb1 Ne5 17. Nxe5 Bxe5 18. b4 b6 19. Bb2 Bxb2 20. Rxb2 c4 21.
Bc2 b5 22. f3 Bd7 23. a4 a6 24. a5 Rac8 25. Re1 1/2-1/2

[Event "7eme open international de La Fere"]
[Site "La Fere (FRA)"]
[Date "2008.07.07"]
[Round "3.44"]
[White "Pavillon, Guillaume"]
[Black "Mahan, James Robert"]
[Result "1-0"]
[WhiteElo "1797"]
[BlackElo "1544"]
[PlyCount "75"]
[EventDate "2008.??.??"]

1. c4 Nf6 2. Nc3 d5 3. cxd5 Nxd5 4. e4 Nb6 5. d4 e6 6. Nf3 c5 7. Be3 cxd4 8.
Nxd4 a6 9. Qb3 N8d7 10. Rd1 Be7 11. Be2 O-O 12. O-O Qc7 13. f4 Nc5 14. Qc2 Bd7
15. Qd2 Rfd8 16. Qe1 Nba4 17. Nxa4 Bxa4 18. Rc1 Qb8 19. b3 Be8 20. e5 Rc8 21.
Qg3 Ne4 22. Qf3 Rxc1 23. Rxc1 Nc5 24. b4 Nd7 25. a3 Nb6 26. Nxe6 Bc6 27. Qg3
fxe6 28. Bxb6 Qe8 29. Bg4 Bd5 30. Qh3 Qg6 31. Be2 Rf8 32. Bd3 Be4 33. Bxe4 Qxe4
34. Qxe6+ Rf7 35. Rc8+ Bf8 36. Rxf8+ Kxf8 37. Bc5+ Kg8 38. Qe8+ 1-0

[Event "7eme open international de La Fere"]
[Site "La Fere (FRA)"]
[Date "2008.07.07"]
[Round "3.49"]
[White "Gobeaut, Benjamin"]
[Black "Dagnicourt, Francis"]
[Result "1-0"]
[WhiteElo "1732"]
[BlackElo "1808"]
[PlyCount "71"]
[EventDate "2008.??.??"]

1. d4 Nf6 2. Nf3 d5 3. c3 e6 4. Bg5 Be7 5. Nbd2 Nbd7 6. e3 O-O 7. Bd3 c5 8. O-O
c4 9. Bc2 b5 10. e4 h6 11. Bh4 Bb7 12. e5 Nh7 13. Bxe7 Qxe7 14. Qe2 f6 15. Nh4
Rfb8 16. Rfe1 Nhf8 17. exf6 Qxf6 18. Nhf3 Re8 19. Ne5 Nxe5 20. dxe5 Qd8 21. Nf3
Nd7 22. Nd4 a6 23. Qg4 Nc5 24. Re3 Qd7 25. Qg6 Ne4 26. f3 Ng5 27. h4 Nh7 28. f4
Kf8 29. Rg3 Ke7 30. Qxg7+ Kd8 31. f5 exf5 32. e6 Rxe6 33. Nxe6+ Qxe6 34. Qd4
Kd7 35. Re3 Qd6 36. Rae1 1-0

[Event "7eme open international de La Fere"]
[Site "La Fere (FRA)"]
[Date "2008.07.07"]
[Round "3.54"]
[White "Lever, Erwan"]
[Black "Lepere, Corentin"]
[Result "0-1"]
[WhiteElo "1536"]
[BlackElo "1640"]
[PlyCount "66"]
[EventDate "2008.??.??"]

1. d4 d5 2. Nf3 Nc6 3. Bf4 Bg4 4. e3 e6 5. c4 h6 6. Nc3 Bb4 7. Be2 Bxf3 8. Bxf3
Nge7 9. cxd5 Nxd5 10. Bxd5 Qxd5 11. O-O Bxc3 12. bxc3 O-O-O 13. Qb3 g5 14. Bg3
h5 15. h3 h4 16. Bh2 Rhg8 17. f3 f5 18. c4 Qd7 19. Rab1 Na5 20. Qb4 b6 21. Kh1
g4 22. fxg4 fxg4 23. hxg4 Rxg4 24. Rf4 Rxf4 25. Bxf4 Qc6 26. Rb2 h3 27. c5 Rg8
28. Qd2 Nc4 29. Qc2 Nxb2 30. Qxb2 hxg2+ 31. Kg1 Qf3 32. Qb1 Rh8 33. Bh2 Qh3 0-1

[Event "7eme open international de La Fere"]
[Site "La Fere (FRA)"]
[Date "2008.07.07"]
[Round "3.55"]
[White "Rouffignac, Tanguy"]
[Black "Honore, Adrien"]
[Result "1-0"]
[WhiteElo "1640"]
[BlackElo "1290"]
[PlyCount "55"]
[EventDate "2008.??.??"]

1. e4 e5 2. Nf3 Nf6 3. Nxe5 d6 4. Nf3 Nxe4 5. d4 Bf5 6. Bd3 d5 7. O-O Nc6 8.
Re1 Be7 9. c4 Nb4 10. Bxe4 Bxe4 11. cxd5 Bxd5 12. Bg5 f6 13. Bf4 O-O 14. Nc3
Bxf3 15. gxf3 Bd6 16. Bxd6 Qxd6 17. Qb3+ Kh8 18. Re6 Qxd4 19. Re4 Qc5 20. Qxb4
Qc6 21. Qc4 Qd6 22. Rd1 Qb6 23. Qb5 Qxb5 24. Nxb5 c6 25. Nc7 Rac8 26. Rd7 Rfd8
27. Rxd8+ Rxd8 28. Re8+ 1-0